[Event "Bundesliga 0001"]
[Site "Deutschland"]
[Date "2001.03.10"]
[Round "10.2"]
[White "Boensch, Uwe"]
[Black "Kosten, Anthony C"]
[Result "1/2-1/2"]
[WhiteElo "2558"]
[BlackElo "2524"]
[PlyCount "112"]
[EventDate "2000.10.14"]
[EventType "team"]
[EventRounds "15"]
[EventCountry "GER"]
[SourceTitle "Bundesliga 0001"]
[Source "DeepChess"]
[SourceDate "2005.01.01"]
[SourceVersion "1"]
[SourceVersionDate "2005.01.01"]
[SourceQuality "1"]
[WhiteTeam "SK Koenig Plauen"]
[BlackTeam "TSV Schott Mainz"]
[WhiteTeamCountry "GER"]
[BlackTeamCountry "GER"]

1. d4 Nf6 2. c4 e6 3. Nf3 Bb4+ 4. Bd2 Qe7 5. e3 O-O 6. Bd3 Bxd2+ 7. Qxd2 d6 8.
Nc3 e5 9. Bc2 Bg4 10. d5 Bxf3 11. gxf3 Nbd7 12. h4 Nb6 13. Qd3 c6 14. dxc6 bxc6
15. Ne4 Nxe4 16. fxe4 Rfd8 17. O-O-O a5 18. Qc3 Nd7 19. h5 Nc5 20. Rd2 h6 21.
f4 f6 22. Rg1 Qc7 23. f5 Rd7 24. Kd1 Qb6 25. Ke2 Qb4 26. Qxb4 axb4 27. Bb1 Kf8
28. b3 Ke8 29. Kf3 Kd8 30. Rgd1 Kc7 31. Rg1 Kb6 32. Rgd1 Rad8 33. Rg1 Re7 34.
Rgd1 Kc7 35. Rc1 Na6 36. Rcd1 Rf7 37. Ke2 Rfd7 38. Rg1 Kb6 39. Kf3 Re7 40. Rdg2
Rdd7 41. Rd2 Kc5 42. Rc1 Nc7 43. Ke2 Ne8 44. Kf3 Ra7 45. Ke2 Ra5 46. Rcd1 Rd7
47. Rc1 Kb6 48. Rcd1 Kc7 49. Rc1 Kd8 50. Rcd1 Ke7 51. Rg1 Ra8 52. Rc1 Nc7 53.
Rg1 Ke8 54. Rc1 Rad8 55. Ke1 Ke7 56. Bd3 Na6 1/2-1/2

[Event "Bundesliga 0001"]
[Site "Deutschland"]
[Date "2001.03.10"]
[Round "10.4"]
[White "Espig, Lutz"]
[Black "Lisanti, Andre"]
[Result "0-1"]
[WhiteElo "2401"]
[BlackElo "2300"]
[PlyCount "54"]
[EventDate "2000.10.14"]
[EventType "team"]
[EventRounds "15"]
[EventCountry "GER"]
[SourceTitle "Bundesliga 0001"]
[Source "DeepChess"]
[SourceDate "2005.01.01"]
[SourceVersion "1"]
[SourceVersionDate "2005.01.01"]
[SourceQuality "1"]
[WhiteTeam "SK Koenig Plauen"]
[BlackTeam "TSV Schott Mainz"]
[WhiteTeamCountry "GER"]
[BlackTeamCountry "GER"]

1. Nf3 Nc6 2. d4 d6 3. e4 Nf6 4. Nc3 Bg4 5. Be2 e6 6. Be3 d5 7. e5 Ne4 8. Nxe4
dxe4 9. Ng5 Bxe2 10. Qxe2 Nxd4 11. Qc4 Bb4+ 12. Kf1 Nf5 13. Qb5+ c6 14. Qxb7
O-O 15. Qxb4 Nxe3+ 16. fxe3 Qxg5 17. Qxe4 Rad8 18. h4 Qh5 19. g4 Qh6 20. Ke2 f5
21. exf6 Rxf6 22. Raf1 Rdf8 23. Qxc6 Qg6 24. Qc4 Qf7 25. Rxf6 Qxf6 26. Kd2 Qxb2
27. Qxe6+ Kh8 0-1

[Event "Bundesliga 0001"]
[Site "Deutschland"]
[Date "2001.03.10"]
[Round "10.5"]
[White "Wornath, Kai Rudolf"]
[Black "Sandner, Gunter"]
[Result "1-0"]
[WhiteElo "2398"]
[BlackElo "2333"]
[PlyCount "79"]
[EventDate "2000.10.14"]
[EventType "team"]
[EventRounds "15"]
[EventCountry "GER"]
[SourceTitle "Bundesliga 0001"]
[Source "DeepChess"]
[SourceDate "2005.01.01"]
[SourceVersion "1"]
[SourceVersionDate "2005.01.01"]
[SourceQuality "1"]
[WhiteTeam "TSV Schott Mainz"]
[BlackTeam "SK Koenig Plauen"]
[WhiteTeamCountry "GER"]
[BlackTeamCountry "GER"]

1. d4 Nf6 2. c4 e6 3. Nf3 c5 4. d5 exd5 5. cxd5 d6 6. Nc3 g6 7. e4 Bg7 8. Bb5+
Bd7 9. Bxd7+ Nbxd7 10. Bf4 Qe7 11. O-O a6 12. e5 dxe5 13. d6 Qe6 14. Nxe5 Nxe5
15. Bxe5 O-O 16. Re1 b5 17. Bg3 Qc8 18. Nd5 Qb7 19. Ne7+ Kh8 20. Qc2 Qb6 21.
Rad1 Rad8 22. Nd5 Qc6 23. Ne7 Qb6 24. h3 Rd7 25. b3 Rfd8 26. Nd5 Qc6 27. Nb4
Qb6 28. Nd3 Nh5 29. Qxc5 Qxc5 30. Nxc5 Nxg3 31. Nxd7 Bc3 32. Re3 Rxd7 33. Rxg3
Bb4 34. Rgd3 Kg7 35. Rc1 Kf6 36. Rc6 a5 37. Rb6 Ke6 38. Rxb5 Bxd6 39. Rb6 Ke7
40. Kf1 1-0

[Event "Bundesliga 0001"]
[Site "Deutschland"]
[Date "2001.03.10"]
[Round "10.6"]
[White "Hackel, Mario"]
[Black "Neidhardt, Claus Ulrich"]
[Result "1-0"]
[WhiteElo "2338"]
[BlackElo "2429"]
[PlyCount "75"]
[EventDate "2000.10.14"]
[EventType "team"]
[EventRounds "15"]
[EventCountry "GER"]
[SourceTitle "Bundesliga 0001"]
[Source "DeepChess"]
[SourceDate "2005.01.01"]
[SourceVersion "1"]
[SourceVersionDate "2005.01.01"]
[SourceQuality "1"]
[WhiteTeam "SK Koenig Plauen"]
[BlackTeam "TSV Schott Mainz"]
[WhiteTeamCountry "GER"]
[BlackTeamCountry "GER"]

1. d4 d5 2. Nf3 Nf6 3. c4 e6 4. g3 Bb4+ 5. Bd2 Be7 6. Bg2 O-O 7. O-O c6 8. Qc2
Nbd7 9. Rd1 b6 10. a4 Ba6 11. b3 Rc8 12. a5 c5 13. axb6 Qxb6 14. Ba5 Qb8 15.
Nbd2 cxd4 16. Nxd4 Bc5 17. Bc3 Qb6 18. e3 Rfe8 19. b4 Bxd4 20. Bxd4 Qb7 21. Qa2
e5 22. Bc5 Nb8 23. Bd6 Re6 24. Bc5 Rd8 25. cxd5 Ree8 26. Ne4 Nxe4 27. Bxe4 g6
28. f3 Qd7 29. d6 Kg7 30. Qb2 Kh6 31. Ra5 Qc8 32. Bxa7 f5 33. Bxb8 fxe4 34. Bc7
exf3 35. Bxd8 Be2 36. Rxe5 Qh3 37. Bg5+ Kh5 38. Bf4+ 1-0

[Event "Bundesliga 0001"]
[Site "Deutschland"]
[Date "2001.03.10"]
[Round "10.7"]
[White "Bewersdorff, Oliver"]
[Black "Kuraszkiewicz, Michael"]
[Result "1/2-1/2"]
[WhiteElo "2364"]
[BlackElo "2309"]
[PlyCount "113"]
[EventDate "2000.10.14"]
[EventType "team"]
[EventRounds "15"]
[EventCountry "GER"]
[SourceTitle "Bundesliga 0001"]
[Source "DeepChess"]
[SourceDate "2005.01.01"]
[SourceVersion "1"]
[SourceVersionDate "2005.01.01"]
[SourceQuality "1"]
[WhiteTeam "TSV Schott Mainz"]
[BlackTeam "SK Koenig Plauen"]
[WhiteTeamCountry "GER"]
[BlackTeamCountry "GER"]

1. d4 g6 2. e4 Bg7 3. c4 d6 4. Nc3 Nf6 5. Nf3 O-O 6. h3 e5 7. d5 Na6 8. Be3 Nc5
9. Nd2 a5 10. g4 Kh8 11. Be2 Ng8 12. h4 h6 13. h5 f5 14. g5 hxg5 15. hxg6+ Bh6
16. Qc2 Na6 17. exf5 Nb4 18. Qc1 Rxf5 19. a3 Na6 20. Bg4 Rf4 21. Bxc8 Rxc8 22.
Bxf4 exf4 23. Qc2 Qe8+ 24. Nde4 Qxg6 25. O-O-O Re8 26. f3 Re5 27. Nf2 Kg7 28.
Ng4 Re7 29. Ne4 Kf8 30. Nxh6 Nxh6 31. Qh2 Nf7 32. Rdg1 Nc5 33. Nxc5 dxc5 34.
Re1 Qd3 35. Rxe7 Qxc4+ 36. Kb1 Qd3+ 37. Ka1 Kxe7 38. Re1+ Kf8 39. Qh3 Qxd5 40.
Qc8+ Kg7 41. Qxc7 a4 42. Qe7 b6 43. Qe2 Kf8 44. Rd1 Qc6 45. Qd3 Kg7 46. Re1 Kf8
47. Re4 b5 48. Qe2 Qd7 49. Qc2 Qd5 50. Qe2 Qd7 51. Qe1 Qd3 52. Re8+ Kg7 53. Re7
Qd5 54. Qc3+ Qd4 55. Qc2 c4 56. Rb7 Qd3 57. Qg2 1/2-1/2

[Event "Bundesliga 0001"]
[Site "Deutschland"]
[Date "2001.03.10"]
[Round "10.8"]
[White "Pfretzschner, Roland"]
[Black "Grafl, Florian"]
[Result "1/2-1/2"]
[WhiteElo "2295"]
[BlackElo "2299"]
[PlyCount "86"]
[EventDate "2000.10.14"]
[EventType "team"]
[EventRounds "15"]
[EventCountry "GER"]
[SourceTitle "Bundesliga 0001"]
[Source "DeepChess"]
[SourceDate "2005.01.01"]
[SourceVersion "1"]
[SourceVersionDate "2005.01.01"]
[SourceQuality "1"]
[WhiteTeam "SK Koenig Plauen"]
[BlackTeam "TSV Schott Mainz"]
[WhiteTeamCountry "GER"]
[BlackTeamCountry "GER"]

1. e4 c5 2. Nf3 d6 3. Bb5+ Nd7 4. d4 Ngf6 5. Nc3 cxd4 6. Qxd4 a6 7. Bxd7+ Bxd7
8. Bg5 Bc6 9. O-O-O Qa5 10. Bxf6 gxf6 11. Kb1 Rg8 12. Nh4 e6 13. Rhe1 O-O-O 14.
Qxf6 Qc7 15. Qd4 Be7 16. g3 Bxh4 17. gxh4 Qe7 18. Nd5 Qxh4 19. Nb4 Rg2 20. Nxc6
bxc6 21. Qb6 Kd7 22. Qb7+ Ke8 23. Qxc6+ Ke7 24. e5 d5 25. Qc5+ Ke8 26. Rg1 Qg4
27. f3 Qxf3 28. a3 d4 29. Rxg2 Qxg2 30. Qc4 Qxh2 31. Qc6+ Kf8 32. Qc5+ Kg8 33.
Qe7 Rc8 34. Qg5+ Kf8 35. Rd2 Qh1+ 36. Ka2 Qd5+ 37. Kb1 Qe4 38. Rg2 Ke8 39. Qg8+
Ke7 40. Qxc8 Qxg2 41. Qc5+ Ke8 42. Qc8+ Ke7 43. Qc5+ Ke8 1/2-1/2

[Event "Bundesliga 0001"]
[Site "Deutschland"]
[Date "2001.03.10"]
[Round "10.3"]
[White "Slobodjan, Roman"]
[Black "Handke, Florian"]
[Result "1-0"]
[WhiteElo "2539"]
[BlackElo "2455"]
[PlyCount "69"]
[EventDate "2000.10.14"]
[EventType "team"]
[EventRounds "15"]
[EventCountry "GER"]
[SourceTitle "Bundesliga 0001"]
[Source "DeepChess"]
[SourceDate "2005.01.01"]
[SourceVersion "1"]
[SourceVersionDate "2005.01.01"]
[SourceQuality "1"]
[WhiteTeam "USC Magdeburg"]
[BlackTeam "SV Wattenscheid 1930"]
[WhiteTeamCountry "GER"]
[BlackTeamCountry "GER"]

1. e4 c5 2. Nf3 Nc6 3. Bb5 g6 4. O-O Bg7 5. Bxc6 bxc6 6. c3 Nh6 7. h3 O-O 8. d4
cxd4 9. cxd4 f6 10. Nc3 d6 11. Qc2 Nf7 12. Re1 Bd7 13. Bd2 Re8 14. Rac1 e5 15.
Be3 Qe7 16. Rcd1 h6 17. b3 Red8 18. Qe2 Ng5 19. b4 Nxf3+ 20. Qxf3 f5 21. dxe5
Bxe5 22. Bf4 Re8 23. Bxe5 Qxe5 24. Qd3 fxe4 25. Qxd6 Bf5 26. Qxe5 Rxe5 27. Rd6
Rb8 28. g4 Bc8 29. Rxg6+ Kh7 30. Rxc6 Bb7 31. Rc7+ Kg6 32. f4 Ree8 33. Rd1 Bc8
34. Rd6+ Re6 35. f5+ 1-0

[Event "Bundesliga 0001"]
[Site "Deutschland"]
[Date "2001.03.10"]
[Round "10.4"]
[White "Holzke, Frank"]
[Black "Baklan, Vladimir"]
[Result "1/2-1/2"]
[WhiteElo "2470"]
[BlackElo "2599"]
[PlyCount "90"]
[EventDate "2000.10.14"]
[EventType "team"]
[EventRounds "15"]
[EventCountry "GER"]
[SourceTitle "Bundesliga 0001"]
[Source "DeepChess"]
[SourceDate "2005.01.01"]
[SourceVersion "1"]
[SourceVersionDate "2005.01.01"]
[SourceQuality "1"]
[WhiteTeam "SV Wattenscheid 1930"]
[BlackTeam "USC Magdeburg"]
[WhiteTeamCountry "GER"]
[BlackTeamCountry "GER"]

1. e4 c5 2. Nf3 d6 3. d4 cxd4 4. Nxd4 Nf6 5. Nc3 Nc6 6. Bg5 e6 7. Qd2 a6 8.
O-O-O Bd7 9. f4 b5 10. Bxf6 gxf6 11. Kb1 Qb6 12. Nxc6 Bxc6 13. Qe1 O-O-O 14.
Bd3 b4 15. Ne2 d5 16. e5 f5 17. Nd4 Bb7 18. Be2 Bc5 19. Qd2 Kb8 20. Bh5 Rd7 21.
h3 h6 22. g4 fxg4 23. hxg4 Rg8 24. f5 Rg5 25. fxe6 fxe6 26. Rhe1 Rh7 27. Nb3
Be7 28. Qd4 Ka7 29. Rd3 Rh8 30. Rf3 Rf8 31. Rxf8 Bxf8 32. Qf4 Bg7 33. Nd4 Bh8
34. Re2 Rg8 35. b3 Bg7 36. Qe3 Ka8 37. Rf2 Rf8 38. Rf7 Rxf7 39. Bxf7 Qc7 40.
Bxe6 Bxe5 41. Nf5 Bh8 42. Qg3 Qd8 43. Qh4 Qb6 44. Qxh6 Qg1+ 45. Qc1 Qh2 1/2-1/2

[Event "Bundesliga 0001"]
[Site "Deutschland"]
[Date "2001.03.10"]
[Round "10.5"]
[White "Thesing, Matthias"]
[Black "Ellers, Holger"]
[Result "1/2-1/2"]
[WhiteElo "2438"]
[BlackElo "2418"]
[PlyCount "85"]
[EventDate "2000.10.14"]
[EventType "team"]
[EventRounds "15"]
[EventCountry "GER"]
[SourceTitle "Bundesliga 0001"]
[Source "DeepChess"]
[SourceDate "2005.01.01"]
[SourceVersion "1"]
[SourceVersionDate "2005.01.01"]
[SourceQuality "1"]
[WhiteTeam "USC Magdeburg"]
[BlackTeam "SV Wattenscheid 1930"]
[WhiteTeamCountry "GER"]
[BlackTeamCountry "GER"]

1. e4 e6 2. d4 d5 3. Nc3 Nf6 4. Bg5 dxe4 5. Nxe4 Be7 6. Bxf6 gxf6 7. Nf3 f5 8.
Ng3 c5 9. Bb5+ Bd7 10. Bxd7+ Qxd7 11. d5 exd5 12. Qd3 Nc6 13. O-O-O O-O-O 14.
Qxf5 Qxf5 15. Nxf5 Bf6 16. Rhe1 Rd7 17. Ne3 Rhd8 18. Ng4 Bg7 19. h4 d4 20. Nge5
Nxe5 21. Nxe5 Re7 22. Ng4 Rde8 23. Rxe7 Rxe7 24. Kd2 h5 25. Nh2 c4 26. Rf1 Bh6+
27. f4 Re6 28. g4 Bf8 29. gxh5 d3 30. cxd3 Bb4+ 31. Kd1 cxd3 32. a3 Re2 33.
axb4 Rxh2 34. Re1 Rxh4 35. Re7 Rxh5 36. Rxf7 Rh2 37. b3 Rf2 38. f5 a6 39. f6
Kb8 40. b5 axb5 41. Ke1 d2+ 42. Kd1 Ka7 43. Rf8 1/2-1/2

[Event "Bundesliga 0001"]
[Site "Deutschland"]
[Date "2001.03.10"]
[Round "10.6"]
[White "Straeter, Timo"]
[Black "Georgiev, Vladimir"]
[Result "0-1"]
[WhiteElo "2370"]
[BlackElo "2564"]
[PlyCount "80"]
[EventDate "2000.10.14"]
[EventType "team"]
[EventRounds "15"]
[EventCountry "GER"]
[SourceTitle "Bundesliga 0001"]
[Source "DeepChess"]
[SourceDate "2005.01.01"]
[SourceVersion "1"]
[SourceVersionDate "2005.01.01"]
[SourceQuality "1"]
[WhiteTeam "SV Wattenscheid 1930"]
[BlackTeam "USC Magdeburg"]
[WhiteTeamCountry "GER"]
[BlackTeamCountry "GER"]

1. d4 Nf6 2. c4 d6 3. Nc3 Bf5 4. f3 e5 5. e4 exd4 6. Qxd4 Nc6 7. Qd2 Be6 8. b3
h5 9. Bb2 h4 10. Nge2 h3 11. Nf4 hxg2 12. Qxg2 Nh5 13. Nxh5 Rxh5 14. Nd5 Qh4+
15. Kd1 O-O-O 16. Kc2 Ne5 17. Rd1 c6 18. Nc3 Be7 19. Kb1 Rdh8 20. Qd2 g5 21.
Qe3 Kb8 22. Ne2 R5h6 23. c5 Qh5 24. cxd6 Bf6 25. Nd4 Bd7 26. Be2 Qg6 27. Ka1
Rxh2 28. Rxh2 Rxh2 29. Qg1 Rh4 30. Qg3 Rh3 31. Qf2 Qh6 32. Bf1 Rh2 33. Qg3 Qh8
34. b4 Ng6 35. Qg1 Nf4 36. Bc4 Be6 37. e5 Bxe5 38. Qxg5 f6 39. Qxf4 Bxf4 40.
Nxe6 Rh1 0-1

[Event "Bundesliga 0001"]
[Site "Deutschland"]
[Date "2001.03.10"]
[Round "10.7"]
[White "Proehl, Holger"]
[Black "Blecken, Volker"]
[Result "1-0"]
[WhiteElo "2386"]
[BlackElo "2275"]
[PlyCount "67"]
[EventDate "2000.10.14"]
[EventType "team"]
[EventRounds "15"]
[EventCountry "GER"]
[SourceTitle "Bundesliga 0001"]
[Source "DeepChess"]
[SourceDate "2005.01.01"]
[SourceVersion "1"]
[SourceVersionDate "2005.01.01"]
[SourceQuality "1"]
[WhiteTeam "USC Magdeburg"]
[BlackTeam "SV Wattenscheid 1930"]
[WhiteTeamCountry "GER"]
[BlackTeamCountry "GER"]

1. e4 g6 2. d4 Bg7 3. Nf3 d6 4. c3 Nf6 5. Bd3 O-O 6. O-O Nc6 7. h3 e5 8. Re1
Nd7 9. Bf1 Qe8 10. Na3 a6 11. Nc2 Kh8 12. dxe5 dxe5 13. Ne3 b6 14. b3 Bb7 15.
Nd5 Rc8 16. Ba3 Rg8 17. Qc2 Bf8 18. Bb2 Nd8 19. Rad1 Bg7 20. a4 Ne6 21. Ne3
Ndc5 22. Nd5 f6 23. a5 bxa5 24. Bc4 Nd7 25. Qe2 c6 26. Ne3 Ndc5 27. Qc2 Bf8 28.
b4 axb4 29. cxb4 Nd7 30. Qb3 Nec5 31. bxc5 Nxc5 32. Qa2 Rg7 33. Ng4 Be7 34. Nh6
1-0

[Event "Bundesliga 0001"]
[Site "Deutschland"]
[Date "2001.03.10"]
[Round "10.8"]
[White "Thiel, Thomas"]
[Black "Markgraf, Alexander"]
[Result "1-0"]
[WhiteElo "2301"]
[BlackElo "2274"]
[PlyCount "47"]
[EventDate "2000.10.14"]
[EventType "team"]
[EventRounds "15"]
[EventCountry "GER"]
[SourceTitle "Bundesliga 0001"]
[Source "DeepChess"]
[SourceDate "2005.01.01"]
[SourceVersion "1"]
[SourceVersionDate "2005.01.01"]
[SourceQuality "1"]
[WhiteTeam "SV Wattenscheid 1930"]
[BlackTeam "USC Magdeburg"]
[WhiteTeamCountry "GER"]
[BlackTeamCountry "GER"]

1. e4 g6 2. d4 Bg7 3. Nc3 c6 4. Bc4 d6 5. Qe2 Nf6 6. e5 Nd5 7. Bd2 O-O 8. O-O-O
a5 9. h4 Nxc3 10. Bxc3 b5 11. Bd3 b4 12. Bd2 dxe5 13. h5 Qd5 14. hxg6 hxg6 15.
Bh6 e4 16. Bxg7 Kxg7 17. Qe3 exd3 18. Qh6+ Kf6 19. Qxf8 Nd7 20. Qh8+ Ke6 21.
Nf3 dxc2 22. Rhe1+ Kf5 23. g4+ Kf4 24. Qh2+ 1-0

[Event "Bundesliga 0001"]
[Site "Deutschland"]
[Date "2001.03.11"]
[Round "11.1"]
[White "Ftacnik, Lubomir"]
[Black "Dautov, Rustem"]
[Result "1/2-1/2"]
[WhiteElo "2608"]
[BlackElo "2606"]
[PlyCount "43"]
[EventDate "2000.10.14"]
[EventType "team"]
[EventRounds "15"]
[EventCountry "GER"]
[SourceTitle "Bundesliga 0001"]
[Source "DeepChess"]
[SourceDate "2005.01.01"]
[SourceVersion "1"]
[SourceVersionDate "2005.01.01"]
[SourceQuality "1"]
[WhiteTeam "Hamburger SK 1830 e.V."]
[BlackTeam "Godesberger SK 1929"]
[WhiteTeamCountry "GER"]
[BlackTeamCountry "GER"]

1. c4 Nf6 2. Nf3 e6 3. Nc3 Bb4 4. Qc2 O-O 5. a3 Bxc3 6. Qxc3 b6 7. b3 Bb7 8.
Bb2 d6 9. e3 Nbd7 10. Be2 c5 11. O-O Rc8 12. Rad1 Qe7 13. Rfe1 Rfd8 14. d3 Nf8
15. b4 Ng6 16. a4 e5 17. a5 Re8 18. axb6 axb6 19. Ra1 Ra8 20. Rxa8 Rxa8 21. Ra1
Qe8 22. bxc5 1/2-1/2

[Event "Bundesliga 0001"]
[Site "Deutschland"]
[Date "2001.03.11"]
[Round "11.3"]
[White "Kempinski, Robert"]
[Black "Kengis, Edvins"]
[Result "1/2-1/2"]
[WhiteElo "2498"]
[BlackElo "2589"]
[PlyCount "100"]
[EventDate "2000.10.14"]
[EventType "team"]
[EventRounds "15"]
[EventCountry "GER"]
[SourceTitle "Bundesliga 0001"]
[Source "DeepChess"]
[SourceDate "2005.01.01"]
[SourceVersion "1"]
[SourceVersionDate "2005.01.01"]
[SourceQuality "1"]
[WhiteTeam "Hamburger SK 1830 e.V."]
[BlackTeam "Godesberger SK 1929"]
[WhiteTeamCountry "GER"]
[BlackTeamCountry "GER"]

1. d4 e6 2. c4 b6 3. Nc3 Bb4 4. Qb3 c5 5. d5 Nf6 6. g3 b5 7. dxe6 fxe6 8. cxb5
Bb7 9. Nf3 a6 10. bxa6 Bd5 11. Qd1 Ne4 12. Bd2 Bxc3 13. Bxc3 Nxc3 14. bxc3 Qf6
15. Qd3 Nxa6 16. Rd1 c4 17. Qe3 Nc7 18. Bg2 O-O 19. O-O Rxa2 20. Ne5 Qd8 21.
Rfe1 d6 22. Nf3 Qd7 23. h4 h6 24. Ra1 Qa4 25. Rxa2 Qxa2 26. h5 Rb8 27. Kh2 Qa5
28. Rc1 Qb6 29. Nd4 Qc5 30. g4 Rb2 31. Ra1 Bxg2 32. Kxg2 e5 33. Nf5 Qxe3 34.
Nxe3 Rxe2 35. Nxc4 d5 36. Ne3 d4 37. cxd4 exd4 38. Nf5 Ne6 39. Ra7 Re4 40. Kf3
Re1 41. Rd7 Kf8 42. Nxd4 Nxd4+ 43. Rxd4 Kf7 44. Rf4+ Kg8 45. Re4 Ra1 46. Kf4
Ra2 47. f3 Kf7 48. Kf5 Ra3 49. f4 Ra6 50. Re5 Rb6 1/2-1/2

[Event "Bundesliga 0001"]
[Site "Deutschland"]
[Date "2001.03.11"]
[Round "11.4"]
[White "Kveinys, Aloyzas"]
[Black "Hansen, Sune Berg"]
[Result "1-0"]
[WhiteElo "2522"]
[BlackElo "2545"]
[PlyCount "90"]
[EventDate "2000.10.14"]
[EventType "team"]
[EventRounds "15"]
[EventCountry "GER"]
[SourceTitle "Bundesliga 0001"]
[Source "DeepChess"]
[SourceDate "2005.01.01"]
[SourceVersion "1"]
[SourceVersionDate "2005.01.01"]
[SourceQuality "1"]
[WhiteTeam "Godesberger SK 1929"]
[BlackTeam "Hamburger SK 1830 e.V."]
[WhiteTeamCountry "GER"]
[BlackTeamCountry "GER"]

1. g3 c5 2. Bg2 Nc6 3. c4 g6 4. Nc3 Bg7 5. e3 Bxc3 6. dxc3 d6 7. e4 Qd7 8. Nf3
Nf6 9. Qe2 Qc7 10. h3 h6 11. Nd2 b6 12. Nf1 Bb7 13. Ne3 e6 14. Ng4 Ng8 15. Bf4
O-O-O 16. O-O-O f6 17. h4 Rh7 18. Bh3 Kb8 19. f3 Bc8 20. h5 g5 21. Bd2 Qb7 22.
Ne3 Qa6 23. Kb1 Re7 24. Qf1 Rb7 25. Bc1 Qa5 26. Rh2 a6 27. Rhd2 Kc7 28. f4 b5
29. e5 fxe5 30. f5 exf5 31. Bxf5 Nce7 32. Be4 Rb6 33. Bd5 Kb8 34. Bxg8 Nxg8 35.
Qf7 b4 36. cxb4 cxb4 37. b3 Qc5 38. Rd5 Qc7 39. Qg6 Bb7 40. c5 Rb5 41. cxd6 Qd7
42. Rxb5 axb5 43. Bb2 Ka7 44. Bxe5 Re8 45. Qd3 Bf3 1-0

[Event "Bundesliga 0001"]
[Site "Deutschland"]
[Date "2001.03.11"]
[Round "11.5"]
[White "Wahls, Matthias"]
[Black "Langheinrich, Ferenc"]
[Result "1/2-1/2"]
[WhiteElo "2568"]
[BlackElo "2384"]
[PlyCount "81"]
[EventDate "2000.10.14"]
[EventType "team"]
[EventRounds "15"]
[EventCountry "GER"]
[SourceTitle "Bundesliga 0001"]
[Source "DeepChess"]
[SourceDate "2005.01.01"]
[SourceVersion "1"]
[SourceVersionDate "2005.01.01"]
[SourceQuality "1"]
[WhiteTeam "Hamburger SK 1830 e.V."]
[BlackTeam "Godesberger SK 1929"]
[WhiteTeamCountry "GER"]
[BlackTeamCountry "GER"]

1. Nf3 Nf6 2. c4 g6 3. b4 Bg7 4. Bb2 O-O 5. d3 d5 6. cxd5 Nxd5 7. Bxg7 Kxg7 8.
Qb3 a5 9. b5 c6 10. Nbd2 cxb5 11. Qxb5 Ra6 12. Nc4 Nb4 13. Rc1 f6 14. a3 Bd7
15. Qc5 Rc6 16. Qe3 Nxd3+ 17. exd3 Re6 18. Nce5 Bc6 19. Nd4 Rxe5 20. Qxe5 fxe5
21. Ne6+ Kf6 22. Nxd8 Rxd8 23. f3 Rd5 24. Be2 Nd7 25. Kf2 Nc5 26. Ke3 Ke6 27.
Rc3 Kd6 28. Rb1 b5 29. h4 Bd7 30. g3 a4 31. Bd1 Be8 32. Rb4 Na6 33. Rb2 Nc5 34.
Rd2 Ne6 35. f4 exf4+ 36. gxf4 Nd4 37. Bg4 Bd7 38. Bxd7 Kxd7 39. Ke4 Rd6 40. Rd1
Ne2 41. Rc2 1/2-1/2

[Event "Bundesliga 0001"]
[Site "Deutschland"]
[Date "2001.03.11"]
[Round "11.6"]
[White "Jackelen, Thomas"]
[Black "Mueller, Karsten"]
[Result "0-1"]
[WhiteElo "2373"]
[BlackElo "2513"]
[PlyCount "77"]
[EventDate "2000.10.14"]
[EventType "team"]
[EventRounds "15"]
[EventCountry "GER"]
[SourceTitle "Bundesliga 0001"]
[Source "DeepChess"]
[SourceDate "2005.01.01"]
[SourceVersion "1"]
[SourceVersionDate "2005.01.01"]
[SourceQuality "1"]
[WhiteTeam "Godesberger SK 1929"]
[BlackTeam "Hamburger SK 1830 e.V."]
[WhiteTeamCountry "GER"]
[BlackTeamCountry "GER"]

1. Nf3 d5 2. c4 c6 3. e3 Nf6 4. Nc3 a6 5. d4 b5 6. b3 Bg4 7. Be2 e6 8. O-O Bd6
9. Bb2 Nbd7 10. h3 Bh5 11. Ne5 Bxe2 12. Nxe2 Rc8 13. Rc1 O-O 14. Nf4 Ne4 15.
Qc2 Rc7 16. Rfd1 Nb8 17. Qe2 bxc4 18. bxc4 Rb7 19. Rd3 Qe7 20. cxd5 cxd5 21.
Rb3 Rxb3 22. axb3 Qb7 23. Qc2 Re8 24. Nfd3 f6 25. Ng4 Qb5 26. Nh2 Nd7 27. Qc6
Qxd3 28. Qxd7 Re7 29. Qc8+ Kf7 30. Qc2 Qxc2 31. Rxc2 Rb7 32. f3 Ng3 33. Rc6 Bb8
34. Ba3 Rxb3 35. Bd6 Bxd6 36. Rxd6 Rb1+ 37. Kf2 Nh1+ 38. Ke2 Rg1 39. Ng4 0-1

[Event "Bundesliga 0001"]
[Site "Deutschland"]
[Date "2001.03.11"]
[Round "11.8"]
[White "Breder, Dennis"]
[Black "Heinemann, Thies"]
[Result "0-1"]
[WhiteElo "2336"]
[BlackElo "2468"]
[PlyCount "76"]
[EventDate "2000.10.14"]
[EventType "team"]
[EventRounds "15"]
[EventCountry "GER"]
[SourceTitle "Bundesliga 0001"]
[Source "DeepChess"]
[SourceDate "2005.01.01"]
[SourceVersion "1"]
[SourceVersionDate "2005.01.01"]
[SourceQuality "1"]
[WhiteTeam "Godesberger SK 1929"]
[BlackTeam "Hamburger SK 1830 e.V."]
[WhiteTeamCountry "GER"]
[BlackTeamCountry "GER"]

1. e4 c5 2. Nf3 d6 3. d4 cxd4 4. Nxd4 Nf6 5. Nc3 a6 6. Be2 e5 7. Nb3 Be7 8. O-O
O-O 9. Be3 Be6 10. Qd2 Nbd7 11. a4 Re8 12. a5 Bf8 13. f3 h6 14. Nd5 Nxd5 15.
exd5 Bf5 16. c4 Bh7 17. Nc1 f5 18. b4 f4 19. Bf2 g5 20. Nb3 Nf6 21. Bb6 Qd7 22.
c5 Kh8 23. Rfd1 Bg8 24. Bc4 g4 25. Rac1 gxf3 26. gxf3 Re7 27. Kh1 Rg7 28. Qf2
Qh3 29. cxd6 Bxd6 30. Nc5 Bh7 31. Bf1 Qh5 32. Bd3 Bxd3 33. Rxd3 Rag8 34. Rcd1
Qh3 35. R1d2 Bxc5 36. Bxc5 Nh5 37. Bd6 Ng3+ 38. Qxg3 Qf1+ 0-1

[Event "Bundesliga 0001"]
[Site "Deutschland"]
[Date "2001.03.11"]
[Round "11.3"]
[White "Bareev, Evgeny"]
[Black "Van Wely, Loek"]
[Result "1/2-1/2"]
[WhiteElo "2702"]
[BlackElo "2643"]
[PlyCount "48"]
[EventDate "2000.10.14"]
[EventType "team"]
[EventRounds "15"]
[EventCountry "GER"]
[SourceTitle "Bundesliga 0001"]
[Source "DeepChess"]
[SourceDate "2005.01.01"]
[SourceVersion "1"]
[SourceVersionDate "2005.01.01"]
[SourceQuality "1"]
[WhiteTeam "Luebecker SV von 1873 "]
[BlackTeam "SG Porz e.V."]
[WhiteTeamCountry "GER"]
[BlackTeamCountry "GER"]

1. d4 Nf6 2. c4 g6 3. Nc3 d5 4. Nf3 Bg7 5. Bf4 O-O 6. Rc1 dxc4 7. e3 Be6 8. Ng5
Bd5 9. e4 h6 10. exd5 hxg5 11. Bxg5 Nxd5 12. Bxc4 Nb6 13. Bb3 Nc6 14. d5 Nd4
15. O-O Qd7 16. Re1 Rfe8 17. h4 Rad8 18. Ba4 Nxa4 19. Qxa4 Qxa4 20. Nxa4 b5 21.
Nc5 Rxd5 22. Na6 Re5 23. Nxc7 Rc8 24. Kf1 Rxe1+ 1/2-1/2